Se levanta el telón: cuatro escenarios posibles
Uloženo v:
| Médium: | Text |
|---|---|
| Témata: | |
| Tagy: |
Přidat tag
Žádné tagy, Buďte první, kdo vytvoří štítek k tomuto záznamu!
|
MARC
| LEADER | 00000 a a2200000 04500 | ||
|---|---|---|---|
| 001 | 7075 | ||
| 003 | |||
| 040 | |||
| 245 | |a Se levanta el telón: |b cuatro escenarios posibles | ||
| 650 | |a POLITICA ECONOMICA | ||
| 650 | |a PARTIDOS POLITICOS | ||
| 650 | |a ESTABILIDAD POLITICA | ||
| 650 | |a EDUCACION SUPERIOR | ||
| 650 | |a AJUSTE ESTRUCTURAL | ||
| 650 | |a EXPORTACIONES | ||
| 650 | |a SECTOR PRIVADO | ||
| 650 | |a MERCADO | ||
| 650 | |a PODER POLITICO | ||
| 650 | |a GASTOS PUBLICOS | ||
| 773 | |g volumen 13, número 148; páginas 3-20 | ||
| 999 | |c 20925 |d 20925 | ||
